| 000 | 00932nac a22002537a 4500 | ||
|---|---|---|---|
| 001 | BR0703845 | ||
| 003 | BR-BrBNA | ||
| 005 | 20240105123437.0 | ||
| 008 | 230509b bl.|||m| |||| 00| 0 por d | ||
| 040 |
_aBR-BrBNA _bpor _cBiblioteca Nacional de Agricultura |
||
| 072 | _aP34 | ||
| 090 | _aP34 BR0703845 | ||
| 100 | 1 | _aRighi, G. | |
| 110 | 1 |
_aUniversidade de São Paulo, São Paulo (Brasil). Museu de Zoologia _910554 |
|
| 245 | 1 | _aAlguns sporozoa (Gregarinida e Haplosporida)de Oligochaeta (Naidida e Enchytraeidae)brasileiros | |
| 260 | 3 |
_aSão Paulo (Brasil): _c1974. |
|
| 300 | _ap. 185-195 | ||
| 490 |
_aPapéis Avulsos de Zoologia - Universidade de São Paulo (Brazil) _vv. 28(11) _xISSN 0031-1049 |
||
| 500 | _a23 ref.; Summary (En); Documento microfilmado e tratado BR6004724 | ||
| 650 | _aSPOROZOA | ||
| 650 | _aMICROBIOLOGIA DO SOLO | ||
| 909 |
_a202312 _bLúcia Elande _c55 _dLúcia Elande |
||
| 942 |
_2AGRIS _n0 _cMS |
||
| 999 |
_c295471 _d295471 |
||